000 00635nam a2200205 a 4500
001 8220
003 CO-ViMGA
008 141112s2004 ck r 000 u spa d
040 _aCO-ViMGA
_bspa
_cCO-ViMGA
082 0 4 _a641.59861 C614
100 1 _aRamajo, Fernando
_98025
245 1 0 _aLa cocina colombiana, paso a paso /
_cRamajo Fernando
260 _aBogotá,
_cVoluntad,
_c1995
300 _a160 p.
490 _aColeccion sabores latinoAméricanos
590 _aForma de adquisición : donacion - - Proveedor : Biblioteca Luis Ángel Arango
650 1 4 _acocina colombiana
_98026
650 1 4 _arecetas
_98027
942 _2ddc
_cBK
999 _c20030
_d20030